000
00286nam a22001097a 4500
008
170110b xxu||||| |||| 00| 0 eng d
020
_a
9781558102149
041
_a
eng
080
_2
2ND
_a
618.2
245
_a
NURSING'S SOCIAL POLICY STATEMENT
_c
AMERICAN NURSES ASSOCIATION
942
_2
udc
_c
BK
999
_c
2612
_d
2612